000 00554nam a2200181Ia 4500
008 090630s9999 xx 000 0 und d
082 _b9400
100 _aमेहता शशिकला.
245 _aशो पीस.
_cमेहता शशिकला.
260 _bनवचैतन्य.
_c1989
300 _a155
600 _aमेहता शशिकला.
630 _aशो पीस.
655 _aकादंबरी.
700 _aमेहता शशिकला.
730 _aशो पीस.
942 _cBOOK
999 _c261256
_d261256